000 00344nam a2200121Ia 4500
005 20260330112751.0
008 260330s9999||||xx |||||||||||||| ||und||
020 _a9789588066905
041 _aspa
100 _aJavier Ocampo López
245 0 _aPensar El Bicentenario- Cuatro Miradas Sobre Nacion, Region,Ciudadania Y Patrimonio /
942 _cBK
999 _c3512
_d3512